00671 2200241 4500001002100000005001500021035002000036007000300056008004100059020002200100082001000122084001600132100002900148245010200177250001000279260004500289300002500334700002200359700001700381990000900398990001100407990001100418INLIS00000000000089720220603100127 a0010-1017000451ta220603 f 0 ind  a978-979-461-645-1 a297.6 a297.6 FAC m0 aFachruddin M. Mangunjaya1 aMenanam Sebelum Kiamat :bIslam, Ekologi dan Gerakan Lingkungan Hidup /cFachruddin M. Mangunjaya aCet.1 aJakarta :bYayasan Obor Indonesia,c2007 a310hlm ;c15 x 23 cm0 aHulsain Heriyanto0 aReza Gholami a2383 a2383 a a2383 b